Combined Song Titles - One Word Links Both (1980's) - Statistics

General Stats
  • This quiz has been taken 261 times
  • The average score is 9 of 20
Answer Stats
# Song Titles % Correct
2 When Doves {Cry} Boy Cry
93%
5 Money For {Nothing} Ever Happens
88%
8 Pretty In {Pink} Cadillac
85%
10 Burning Down The {House} Of Fun
84%
9 Tunnel Of {Love} On A Farmboy's Wages
83%
19 It's My {Life} In A Northern Town
76%
17 Domino {Dancing} On The Ceiling
72%
14 Fade To {Grey} Day
59%
6 Eye {Know} Your Rights
44%
18 Ship Of {Fools} Gold
38%
3 Sugar {Walls} Come Tumbling Down!
38%
11 Radio Free {Europe} After The Rain
34%
15 Easy {Lover} Come Back To Me
29%
13 Pearly Dewdrops {Drop} The Pilot
20%
7 I Know You Got {Soul} Train
18%
20 Keep It {Dark} Entries
15%
4 Seven {Tears} Are Not Enough
15%
16 The Hanging {Garden} Party
14%
1 Running In The {Family} Man
11%
12 King's {Call} Me
3%
No matching quizzes found
Score Distribution
Percent of People with Each Score
Percentile by Number Answered
Your Score History
You have not taken this quiz